Organic reactions / (Record no. 14150)
[ view plain ]
| 000 -LEADER | |
|---|---|
| fixed length control field | 00822cas a2200265 4500 |
| 001 - CONTROL NUMBER | |
| control field | 14150 |
| 003 - CONTROL NUMBER IDENTIFIER | |
| rucl marc code | BD-RjUL |
| 005 - DATE AND TIME OF LATEST TRANSACTION | |
| control field | 20211208235559.0 |
| 008 - FIXED-LENGTH DATA ELEMENTS--GENERAL INFORMATION | |
| fixed length control field | 140205r19751972nyuuu r 0 1 a0eng |
| 020 ## - INTERNATIONAL STANDARD BOOK NUMBER | |
| International Standard Book Number | 0471196193 |
| 035 ## - SYSTEM CONTROL NUMBER | |
| System control number | (BD-RjUL)14202 |
| -- | (OCoLC)ocm04761515 |
| 040 ## - CATALOGING SOURCE | |
| Original cataloging agency | DLC |
| Language of cataloging | eng |
| Transcribing agency | DLC |
| Modifying agency | NST |
| -- | DLC |
| -- | OCLCO |
| -- | OCoLC |
| -- | BD-RjUL |
| 041 ## - LANGUAGE CODE | |
| Language code of text/sound track or separate title | eng |
| 082 0# - DEWEY DECIMAL CLASSIFICATION NUMBER | |
| Classification number | 547/.139 |
| Author mark and year | ORG 1975 |
| 245 00 - TITLE STATEMENT | |
| Title | Organic reactions / |
| Statement of responsibility, etc. | Editor William G. Dauben...[et al]. |
| 260 ## - PUBLICATION, DISTRIBUTION, ETC. (IMPRINT) | |
| Place of publication, distribution, etc. | Huntington : |
| Name of publisher, distributor, etc. | R.E. Krieger Pub. Co., |
| Date of publication, distribution, etc. | c1972 [printed 1975]. |
| 300 ## - PHYSICAL DESCRIPTION | |
| Pagination | ix, 434 p. : |
| Illustrations | ill. ; |
| Size | 24 cm. |
| 504 ## - BIBLIOGRAPHY, ETC. NOTE | |
| Bibliography, etc | Includes index. |
| 505 ## - FORMATTED CONTENTS NOTE | |
| Formatted contents note | vol. 19 -- v. 20 -- |
| 650 #0 - SUBJECT ADDED ENTRY--TOPICAL TERM | |
| Topical term or geographic name as entry element | Chemical reactions. |
| 9 (RLIN) | 44197 |
| Topical term or geographic name as entry element | Physical organic chemistry. |
| 9 (RLIN) | 44198 |
| 700 1# - ADDED ENTRY--PERSONAL NAME | |
| Personal name | Dauben, William G., |
| 942 ## - ADDED ENTRY ELEMENTS (KOHA) | |
| Source of classification or shelving scheme | Dewey Decimal Classification |
| Koha item type | Books |
| Lost status | Source of classification or shelving scheme | Materials specified (bound volume or other part) | Damaged status | Not for loan | Collection code | Permanent Location | Current Location | Shelving location | Date acquired | Source of acquisition | Cost, normal purchase price | Total Checkouts | Full call number | Date last seen | Copy number | Koha item type |
|---|---|---|---|---|---|---|---|---|---|---|---|---|---|---|---|---|
| Dewey Decimal Classification | V-19 | Not For Loan | Non-fiction | Central Library, University of Rajshahi | Central Library, University of Rajshahi | Reading Room | 25/02/1980 | Heffers. | 10.55 | 547.139 ORG V-19 1975 | 05/02/2014 | C-1 | Books |